|
|
|
|
| LEADER |
00000nam0a2200000 4500 |
| 001 |
32314 |
| 005 |
20231030204826.0 |
| 010 |
|
|
|a 5868080645
|
| 035 |
|
|
|a (RuTPU)RU\TPU\book\32610
|
| 035 |
|
|
|a BOOK00000003
|
| 090 |
|
|
|a 32314
|
| 100 |
|
|
|a 20011210d1992 u y0rusy50 ca
|
| 101 |
1 |
|
|a rus
|
| 102 |
|
|
|a RU
|
| 105 |
|
|
|a a 000|y
|
| 200 |
1 |
|
|a Техника кроя, или я шью сама
|e пер. с фр.
|f Л. Жак
|
| 210 |
|
|
|a Екатеринбург
|c Газета
|d 1992
|
| 215 |
|
|
|a 106 с.
|c ил.
|
| 610 |
1 |
|
|a рукоделие
|
| 610 |
1 |
|
|a шитье
|
| 610 |
1 |
|
|a крой
|
| 610 |
1 |
|
|a выкройки
|
| 675 |
|
|
|a 646
|v 3
|
| 700 |
|
1 |
|a Жак
|g Лин
|
| 801 |
|
0 |
|a RU
|b 63413507
|c 20011210
|g PSBO
|
| 801 |
|
2 |
|a RU
|b 63413507
|c 20060313
|g PSBO
|
| 942 |
|
|
|c BK
|